| 000 | 00363 a2200145 4500 | ||
|---|---|---|---|
| 001 | 59416 | ||
| 020 | _a8575566008 | ||
| 040 | _cAnchieta - Pituba | ||
| 100 | _aKant, Emmanuel | ||
| 240 | 1 | 0 |
_aA religião nos limites da simples razão _lpor |
| 245 | 1 | 0 | _aA religião nos limites da simples razão |
| 300 | _a190 | ||
| 650 | 4 | _aAlemanha e Austrália | |
| 942 | _cBK | ||
| 999 |
_c59416 _d59416 |
||